Xbase cross reference handbook

Bibliographic Details
Main Author: Dunn, Sheldon M.
Format: Book
Language:English
Published: Singapore : Tech Publication , c1993
Subjects:

MARC

LEADER 00000cam a2200000 7i4500
001 0000003294
005 20230511.0
008 991203 si eng
020 |a 9812144579 (pbk) 
040 |a INS 
090 0 0 |a QA76.9.D3   |b .D9231 1993 
100 1 |a Dunn, Sheldon M. 
245 1 0 |a Xbase cross reference handbook   |c Sheldon M. Dunn 
260 |a Singapore :   |b Tech Publication ,   |c c1993 
300 |a lii, 1352 p. ;   |c 23 cm. 
650 0 |a Computer programs 
650 0 |a XBase (computer programs) 
999 |a 0000005442   |b BOOK   |c Open Shelf   |e Default branch